[Event "Roncana op-A 10th"]
[Site "Santa Eulalia de Roncana"]
[Date "2016.11.12"]
[Round "7"]
[White "Arias Prieto, Diana"]
[Black "Torras Coloma, Pau"]
[Result "1-0"]
[WhiteElo "1557"]
[BlackElo "1641"]
[PlyCount "43"]
[EventDate "2016.09.24"]
[EventType "swiss"]
[EventRounds "8"]
[EventCountry "ESP"]
[SourceTitle "EXT 2018"]
[Source "ChessBase"]
[SourceDate "2017.10.13"]
[SourceVersion "1"]
[SourceVersionDate "2017.10.13"]
[SourceQuality "1"]

1. e4 c5 2. Nf3 Nc6 3. Bb5 g6 4. 0-0 Bg7 5. c3 Nf6 6. Re1 d6 7. d4 cxd4 8. cxd4 0-0 9. Nc3 a6 10. Ba4 b5 11. Bc2 Bb7 12. Bg5 Rc8 13. Rc1 Na5 14. Bd3 Nc4 15. Qe2 b4 16. Bxc4 bxc3 17. Bxf6 cxb2 18. Qxb2 Bxf6 19. Qxb7 Qa5 20. Bxf7+ Kxf7 21. Rxc8 Rxc8 22. Qxc8 1-0

[Event "Roncana op-B 9th"]
[Site "Santa Eulalia de Roncana"]
[Date "2015.10.24"]
[Round "3"]
[White "Barcons Gallach, Alfonso"]
[Black "Arias Prieto, Diana"]
[Result "0-1"]
[WhiteElo "1797"]
[BlackElo "1847"]
[PlyCount "74"]
[EventDate "2015.10.03"]
[EventType "swiss"]
[EventRounds "8"]
[EventCountry "ESP"]
[SourceTitle "EXT 2017"]
[Source "ChessBase"]
[SourceDate "2016.10.25"]
[SourceVersion "1"]
[SourceVersionDate "2016.10.25"]
[SourceQuality "1"]

1. e4 c5 2. Nc3 d6 3. a4 a6 4. Bc4 Nf6 5. f4 g6 6. Nf3 Bg7 7. 0-0 0-0 8. d3 Nc6 9. Qe1 Be6 10. Nd5 Bxd5 11. exd5 Nb4 12. Bb3 Qd7 13. Qg3 Nbxd5 14. Bxd5 Nxd5 15. Qh4 Nf6 16. g4 Qxg4+ 17. Qxg4 Nxg4 18. Re1 e6 19. Rb1 b5 20. b3 Rfb8 21. a5 b4 22. Bb2 Bxb2 23. Rxb2 Nf6 24. Kg2 Nd5 25. Kg3 Nc3 26. d4 Rc8 27. Kg4 Kg7 28. h4 h5+ 29. Kg3 Rab8 30. Kf2 Rb5 31. Ra1 cxd4 32. Nxd4 Rd5 33. Ke3 e5 34. fxe5 dxe5 35. Nf5+ gxf5 36. Rg1+ Kf6 37. Rg5 Nd1+ 0-1

[Event "Llinars del Valles op-B 8th"]
[Site "Llinars del Valles"]
[Date "2015.05.09"]
[Round "5"]
[White "Homs Jimenez, Pau"]
[Black "Arias Prieto, Diana"]
[Result "0-1"]
[WhiteElo "1716"]
[BlackElo "1871"]
[PlyCount "56"]
[EventDate "2015.04.11"]
[EventType "swiss"]
[EventRounds "9"]
[EventCountry "ESP"]
[SourceTitle "EXT 2016"]
[Source "ChessBase"]
[SourceDate "2015.10.08"]
[SourceVersion "1"]
[SourceVersionDate "2015.10.08"]
[SourceQuality "1"]

1. d4 d5 2. c4 e5 3. dxe5 d4 4. Nf3 Nc6 5. g3 Be6 6. b3 Qd7 7. Bg2 Bc5 8. 0-0 Nge7 9. Bb2 Ng6 10. Qd2 0-0 11. Rd1 Rad8 12. Na3 Bh3 13. Nc2 Bxg2 14. Kxg2 Qg4 15. Nfxd4 Nxd4 16. Nxd4 Bxd4 17. Bxd4 c5 18. f3 Qc8 19. f4 Rxd4 20. Qa5 Qc6+ 21. Kf2 b6 22. Qc3 Rfd8 23. Rd3 Rxd3 24. exd3 Rd4 25. Qd2 Qe4 26. Rd1 Qf5 27. Kf3 Nxe5+ 28. Ke3 Rxd3+ 0-1

[Event "Roncana op-B 8th"]
[Site "Santa Eulalia de Roncana"]
[Date "2014.11.15"]
[Round "5"]
[White "Arias Prieto, Diana"]
[Black "Prats Safont, Sergi"]
[Result "1-0"]
[WhiteElo "1809"]
[BlackElo "1913"]
[PlyCount "73"]
[EventDate "2014.10.11"]
[EventType "swiss"]
[EventRounds "8"]
[EventCountry "ESP"]
[SourceTitle "EXT 2016"]
[Source "ChessBase"]
[SourceDate "2015.10.08"]
[SourceVersion "1"]
[SourceVersionDate "2015.10.08"]
[SourceQuality "1"]

1. e4 c5 2. Nf3 e6 3. g3 d5 4. exd5 exd5 5. Bg2 Nc6 6. 0-0 Nf6 7. d4 cxd4 8. Nxd4 Be7 9. Nc3 Be6 10. Re1 Qd7 11. Nxe6 fxe6 12. b3 0-0 13. Bb2 Bc5 14. Na4 Bd6 15. Re2 Rae8 16. Qd2 b6 17. Rd1 Bc7 18. c4 Rd8 19. Bxf6 Rxf6 20. cxd5 exd5 21. Qxd5+ Qxd5 22. Rxd5 Kf7 23. Rxd8 Nxd8 24. Nc3 Ne6 25. Bd5 a6 26. f4 g6 27. Ne4 Rf5 28. Ng5+ Kf6 29. Bxe6 Ra5 30. a4 b5 31. Bd7 bxa4 32. bxa4 Rd5 33. Bc8 Bb6+ 34. Kg2 Kg7 35. Re7+ Kf8 36. Rd7 Rc5 37. Ne6+ 1-0

[Event "Llinars del Valles op-B 8th"]
[Site "Llinars del Valles"]
[Date "2014.05.17"]
[Round "4"]
[White "Martinez Arranz, Nagore"]
[Black "Arias Prieto, Diana"]
[Result "0-1"]
[WhiteElo "1714"]
[BlackElo "1787"]
[PlyCount "102"]
[EventDate "2014.04.26"]
[EventType "swiss"]
[EventRounds "8"]
[EventCountry "ESP"]
[SourceTitle "EXT 2015"]
[Source "ChessBase"]
[SourceDate "2014.11.20"]
[SourceVersion "1"]
[SourceVersionDate "2014.11.20"]
[SourceQuality "1"]

1. e4 c5 2. Nf3 Nc6 3. d3 Nf6 4. g3 d5 5. Nbd2 dxe4 6. dxe4 Bg4 7. Bg2 Qd7 8. 0-0 0-0-0 9. Re1 g6 10. e5 Nh5 11. h3 Bxf3 12. Bxf3 Bh6 13. Ne4 Qxd1 14. Rxd1 Rxd1+ 15. Bxd1 Bxc1 16. Rxc1 Nxe5 17. Nxc5 Nf6 18. c4 b6 19. Nb3 Nd3 20. Rc2 Rd8 21. Be2 Nb4 22. Rd2 Rxd2 23. Nxd2 Nxa2 24. Nb3 Nb4 25. c5 bxc5 26. Nxc5 Kc7 27. Bc4 Kc6 28. Nb3 e6 29. Na5+ Kb6 30. Nb3 Ne4 31. f3 Nxg3 32. Kf2 Nf5 33. f4 Nd6 34. Be2 h5 35. Kg3 Nc6 36. Kh4 Nf5+ 37. Kg5 Nd8 38. h4 a5 39. Nd2 Nd4 40. Nc4+ Kc5 41. Bf1 a4 42. Ne3 Kb4 43. Nd1 Kb3 44. Kf6 Kc2 45. Ne3+ Kxb2 46. Nc4+ Kc3 47. Nb6 a3 48. Na4+ Kb3 49. Nc5+ Kb2 50. Nd3+ Kc3 51. Ke7 a2 0-1

[Event "Llinars del Valles op-B 8th"]
[Site "Llinars del Valles"]
[Date "2014.04.26"]
[Round "1"]
[White "Rius Soler, Benjami"]
[Black "Arias Prieto, Diana"]
[Result "1-0"]
[WhiteElo "1954"]
[BlackElo "1787"]
[PlyCount "145"]
[EventDate "2014.04.26"]
[EventType "swiss"]
[EventRounds "8"]
[EventCountry "ESP"]
[SourceTitle "EXT 2015"]
[Source "ChessBase"]
[SourceDate "2014.11.20"]
[SourceVersion "1"]
[SourceVersionDate "2014.11.20"]
[SourceQuality "1"]

1. d4 d5 2. Bf4 e6 3. e3 Nf6 4. Bd3 c5 5. c3 Nc6 6. Nd2 c4 7. Bb1 b5 8. Ngf3 Bd6 9. Ne5 Bb7 10. 0-0 0-0 11. a3 Qc7 12. Nxc6 Bxf4 13. exf4 Bxc6 14. Qf3 Qb7 15. Re1 g6 16. g4 h5 17. gxh5 Nxh5 18. Re5 Nf6 19. Bc2 Kg7 20. Kh1 Rh8 21. Rg1 Rh6 22. f5 Rah8 23. Nf1 Rh3 24. Qg2 R8h5 25. fxg6 Rxe5 26. gxf7+ Kxf7 27. Qg7+ Ke8 28. Bg6+ Kd8 29. Qxf6+ Kc8 30. Qxe5 Qc7 31. Qxc7+ Kxc7 32. Rg3 Rh6 33. f4 Kd6 34. Kg2 Ke7 35. Bc2 Kf6 36. Rh3 Rxh3 37. Kxh3 Be8 38. Kg4 Bg6 39. Bxg6 Kxg6 40. Nd2 Kf6 41. Nf3 a6 42. Ne5 Kg7 43. Kg5 a5 44. Nc6 a4 45. Na7 Kf7 46. Nxb5 Ke7 47. h4 Kf7 48. h5 Kg7 49. Nc7 Kf7 50. h6 Kg8 51. Nxe6 Kh7 52. f5 Kg8 53. Nc7 Kh8 54. Nxd5 Kg8 55. Nb6 Kh8 56. Nxc4 Kh7 57. Nb6 Kh8 58. Nxa4 Kh7 59. f6 Kh8 60. Kg6 Kg8 61. f7+ Kf8 62. h7 Ke7 63. Kg7 Ke6 64. f8N+ Ke7 65. Ng6+ Ke6 66. c4 Kd6 67. h8Q Ke6 68. Qc8+ Kd6 69. Qc5+ Kd7 70. Ne5+ Ke6 71. Qd5+ Ke7 72. Nc6+ Ke8 73. Qd8# 1-0

[Event "Roncana op-C 6th"]
[Site "Santa Eulalia de Roncana"]
[Date "2012.11.17"]
[Round "6.7"]
[White "Arias Prieto, Diana"]
[Black "Castillo Valles, Jordi"]
[Result "0-1"]
[WhiteElo "1757"]
[BlackElo "1743"]
[PlyCount "68"]
[EventDate "2012.10.06"]
[EventType "swiss"]
[EventRounds "8"]
[EventCountry "ESP"]
[SourceTitle "EXT 2024"]
[Source "ChessBase"]
[SourceDate "2023.10.10"]
[SourceVersion "1"]
[SourceVersionDate "2023.10.10"]
[SourceQuality "1"]

1. e4 e5 2. d4 exd4 3. Nf3 Nf6 4. Nxd4 Bc5 5. c3 0-0 6. Bd3 d6 7. 0-0 Bg4 8. f3 Be6 9. Qe1 Nc6 10. Qh4 Ne5 11. Qg3 Nh5 12. Qg5 Qxg5 13. Bxg5 Nxd3 14. b4 Nxb4 15. Nd2 Nd3 16. g4 Nhf4 17. Bh4 Rae8 18. a4 d5 19. e5 Nxe5 20. Bg3 Ne2+ 21. Kf2 Nxd4 22. cxd4 Bxd4+ 23. Ke2 Bxa1 24. Rxa1 Nc4 25. Nxc4 dxc4 26. Bxc7 Bd5+ 27. Kd2 Bxf3 28. Bd6 Rd8 29. Kc3 Rxd6 30. h3 h6 31. Kxc4 Rc8+ 32. Kb3 Rb6+ 33. Ka3 Rc3+ 34. Ka2 Bd5# 0-1

[Event "Roncana op-C 6th"]
[Site "Santa Eulalia de Roncana"]
[Date "2012.11.03"]
[Round "4.6"]
[White "Arias Prieto, Diana"]
[Black "Jove Barroso, Arnau"]
[Result "0-1"]
[WhiteElo "1757"]
[BlackElo "1700"]
[PlyCount "112"]
[EventDate "2012.10.06"]
[EventType "swiss"]
[EventRounds "8"]
[EventCountry "ESP"]
[SourceTitle "EXT 2024"]
[Source "ChessBase"]
[SourceDate "2023.10.10"]
[SourceVersion "1"]
[SourceVersionDate "2023.10.10"]
[SourceQuality "1"]

1. e4 c6 2. c4 d5 3. exd5 cxd5 4. cxd5 Qxd5 5. Nc3 Qa5 6. Bc4 Nf6 7. h3 e6 8. Nf3 Be7 9. 0-0 0-0 10. d3 Nc6 11. a3 Qc7 12. Ne2 Bd6 13. g3 e5 14. Ng5 h6 15. Ne4 Nxe4 16. dxe4 Bxh3 17. Re1 Nd4 18. Nc3 Qxc4 19. Be3 Qc7 20. Nd5 Qb8 21. Qc1 Nf3+ 22. Kh1 Nxe1 23. Bxh6 Qc8 24. Qe3 Bg2+ 25. Kg1 g6 26. Nf6+ Kh8 27. Bxf8 Qxf8 28. Qg5 Nf3+ 29. Kxg2 Nxg5 30. Nd7 Qh6 31. Rh1 Qxh1+ 32. Kxh1 Nxe4 33. Kg2 Rc8 34. f3 Rc2+ 35. Kh3 Nc5 36. Nf6 Rxb2 37. g4 Ne6 38. Ne8 Bxa3 39. g5 Nxg5+ 40. Kg4 Rg2+ 41. Kh4 Nxf3+ 42. Kh3 Rg5 43. Ng7 Bc1 44. Ne6 a5 45. Nf8 Rh5+ 46. Kg4 a4 47. Nd7 a3 48. Nc5 a2 49. Nb3 Bb2 50. Kxf3 a1Q 51. Nxa1 Bxa1 52. Ke4 f5+ 53. Kf3 Rh3+ 54. Ke2 Bc3 55. Kd1 Rh2 56. Kc1 e4 0-1